Whole village development programme of agrindus, Banwasi Seva Ashram (Record no. 341543)

000 -LEADER
fixed length control field 00476cam a22001337a 4500
008 - FIXED-LENGTH DATA ELEMENTS--GENERAL INFORMATION
fixed length control field 180718b1980 xxu||||| |||| 00| 0 eng d
082 ## - DEWEY DECIMAL CLASSIFICATION NUMBER
Classification number B136x5421 Ag83
245 ## - TITLE STATEMENT
Title Whole village development programme of agrindus, Banwasi Seva Ashram
260 ## - PUBLICATION, DISTRIBUTION, ETC.
Place of publication, distribution, etc. Mirzapur
Name of publisher, distributor, etc. Society for Developing Gramdans
Date of publication, distribution, etc. 1980
300 ## - PHYSICAL DESCRIPTION
Extent 167P.
650 ## - SUBJECT ADDED ENTRY--TOPICAL TERM
Topical term or geographic name entry element Banwasi Seva Ashram - Mirzapur
650 ## - SUBJECT ADDED ENTRY--TOPICAL TERM
Topical term or geographic name entry element Banwasi Seva Ashram - India - Uttar Pradesh
650 ## - SUBJECT ADDED ENTRY--TOPICAL TERM
Topical term or geographic name entry element Rural development - India - Uttar Pradesh
Holdings
Withdrawn status Lost status Damaged status Not for loan Permanent Location Current Location Date acquired Full call number Barcode Date last seen Price effective from Koha item type
        Indian Institute of Public Administration Indian Institute of Public Administration 1993-09-20 B136x5421 Ag83 58583 2018-07-21 2018-07-21 Book

Powered by Koha